000 00394nam a22001697a 4500
005 20160511124754.0
008 160511b xxu||||| |||| 00| 0 eng d
020 _a81-219-0569-9
041 _aeng
082 _b1286
100 _aAremal TS
_9456
245 _aIntroduction to Accountancy
260 _bS. Chand Company Ltd.
_c1994
300 _a797
650 _aManagement
_9241
942 _cBK
999 _c554
_d554